Fundamentals of Engineering Drawing : (Record no. 193503)
[ view plain ]
| 000 -LEADER | |
|---|---|
| fixed length control field | 01482 a2200169 4500 |
| 003 - CONTROL NUMBER IDENTIFIER | |
| control field | Nust |
| 005 - DATE AND TIME OF LATEST TRANSACTION | |
| control field | 20221014122017.0 |
| 040 ## - CATALOGING SOURCE | |
| Transcribing agency | Nust |
| 082 ## - DEWEY DECIMAL CLASSIFICATION NUMBER | |
| Classification number | 604.2,LUZ |
| 100 ## - MAIN ENTRY--PERSONAL NAME | |
| Personal name | Warren J. Luzadder |
| 9 (RLIN) | 13527 |
| 245 ## - TITLE STATEMENT | |
| Title | Fundamentals of Engineering Drawing : |
| Remainder of title | for Technical Student and Professional Draftsmen / |
| Statement of responsibility, etc. | Warren J. Luzadder |
| 250 ## - EDITION STATEMENT | |
| Edition statement | 5th ed |
| 260 ## - PUBLICATION, DISTRIBUTION, ETC. | |
| Place of publication, distribution, etc. | America |
| Name of publisher, distributor, etc. | Prentic-HAll |
| Date of publication, distribution, etc. | 1943 |
| 300 ## - PHYSICAL DESCRIPTION | |
| Extent | 726p; |
| 505 ## - FORMATTED CONTENTS NOTE | |
| Formatted contents note | Introduction (Page-1), Freehand Technical Lettering (Page-5), Drawing Equipment (Page-27), Engineering Geometry (Page-59), The Theory of Projection (Page-91), Multi View Representation and Conventional (Page-99), Freehand Drafting (Page-115), Auxiliary Views (Page-171), Sectional Views (Page-207), Developments and Intersect Ions (Page-231), Pictorial Drawing (Page-273), Pictorial Sketching (Page-317), Shop Processes and Shop Terms (Page-333), Representation and Specification (Page-353), Size Desperation (Page-383), Design and Communication Drawing (Page-427),Machine Elements (Page-479),Piping Drawings (Page-495), Welding Drawings (Page-509), Tools Design and Tools Drawings (Page-519), Electronic Drawings (Page-537), Structural Drawings (Page-561), Architecture Drawings (Page-581), Topographic and Engineering Map Drawings (Page-601), Engineering Graphs and Charts (Page-615), Shade Lining and Surface Shading (Page-637), Patent Office Drawings (Page-643), Reproduction and Duplication of Engineering Drawings (Page-651). |
| 942 ## - ADDED ENTRY ELEMENTS (KOHA) | |
| Source of classification or shelving scheme | |
| Koha item type | Book |
| Withdrawn status | Lost status | Source of classification or shelving scheme | Damaged status | Not for loan | Permanent Location | Current Location | Shelving location | Date acquired | Full call number | Barcode | Date last seen | Price effective from | Koha item type | Public note |
|---|---|---|---|---|---|---|---|---|---|---|---|---|---|---|
| Military College of Signals (MCS) | Military College of Signals (MCS) | General Stacks | 12/12/2016 | 604.2,LUZ | MCS5951 | 12/08/2016 | 12/12/2016 | Book | Almirah No.26, Shelf No.2 |
